General principles of commercial law / (Record no. 15264)
[ view plain ]
| 000 -LEADER | |
|---|---|
| fixed length control field | 01007cam a2200301 a 4500 |
| 001 - CONTROL NUMBER | |
| control field | 12587650 |
| 005 - DATE AND TIME OF LATEST TRANSACTION | |
| control field | 20200626111056.0 |
| 008 - FIXED-LENGTH DATA ELEMENTS--GENERAL INFORMATION | |
| fixed length control field | 011113s2000 sa 001 0 eng d |
| 010 ## - LIBRARY OF CONGRESS CONTROL NUMBER | |
| LC control number | 2001427657 |
| 020 ## - INTERNATIONAL STANDARD BOOK NUMBER | |
| International Standard Book Number | 0702154687 (pbk.) |
| 035 ## - SYSTEM CONTROL NUMBER | |
| System control number | (CStRLIN)TXULB14766413-B |
| 035 ## - SYSTEM CONTROL NUMBER | |
| System control number | (TxU-L)b14766413 |
| 040 ## - CATALOGING SOURCE | |
| Original cataloging agency | OD$ |
| Transcribing agency | OD$ |
| Modifying agency | TxU-L |
| -- | DLC |
| 042 ## - AUTHENTICATION CODE | |
| Authentication code | lccopycat |
| 043 ## - GEOGRAPHIC AREA CODE | |
| Geographic area code | f-sa--- |
| 050 00 - LIBRARY OF CONGRESS CALL NUMBER | |
| Classification number | KTL920 |
| Item number | .G46 2000 |
| 082 00 - DEWEY DECIMAL CLASSIFICATION NUMBER | |
| Classification number | 346.6807 |
| Edition number | 22 |
| 245 00 - TITLE STATEMENT | |
| Title | General principles of commercial law / |
| Statement of responsibility, etc. | Peter Havenga ... [et al.]. |
| 250 ## - EDITION STATEMENT | |
| Edition statement | 4th ed. |
| 260 ## - PUBLICATION, DISTRIBUTION, ETC. | |
| Place of publication, distribution, etc. | Lansdowne [South Africa] : |
| Name of publisher, distributor, etc. | Juta, |
| Date of publication, distribution, etc. | 2000 |
| Date of manufacture | (2001 printing) |
| 300 ## - PHYSICAL DESCRIPTION | |
| Extent | vii, 445 p. ; |
| Dimensions | 25 cm. |
| 500 ## - GENERAL NOTE | |
| General note | Includes index. |
| 650 #0 - SUBJECT ADDED ENTRY--TOPICAL TERM | |
| Topical term or geographic name entry element | Commercial law |
| Geographic subdivision | South Africa. |
| 700 1# - ADDED ENTRY--PERSONAL NAME | |
| Personal name | Havenga, Peter. |
| 906 ## - LOCAL DATA ELEMENT F, LDF (RLIN) | |
| a | 7 |
| b | cbc |
| c | copycat |
| d | 3 |
| e | ncip |
| f | 20 |
| g | y-gencatlg |
| 942 ## - ADDED ENTRY ELEMENTS (KOHA) | |
| Source of classification or shelving scheme | |
| Koha item type | OS Book |
| Classification part | KTL920.G46 |
| Withdrawn status | Lost status | Source of classification or shelving scheme | Damaged status | Not for loan | Home library | Current library | Shelving location | Date acquired | Source of acquisition | Cost, normal purchase price | Inventory number | Total Checkouts | Full call number | Barcode | Date last seen | Copy number | Cost, replacement price | Price effective from | Koha item type |
|---|---|---|---|---|---|---|---|---|---|---|---|---|---|---|---|---|---|---|---|
| CUZ Harare Campus | CUZ Harare Campus | Open Shelf | 26.06.2020 | Donation | 25.00 | CU14036 | KTL920.G46 | BK008876 | 22.05.2025 | 1 | 25.00 | 10.03.2020 | OS Book |